| 000 | 01008cam a22002895a 4500 | ||
|---|---|---|---|
| 001 | 12515905 | ||
| 005 | 20151103182951.0 | ||
| 008 | 010827t2002 enka frb 001 0 eng d | ||
| 020 | _a9780745318691 | ||
| 020 | _a074531869X (pbk.) | ||
| 040 |
_aDLC _beng _cDLC _dDLC _dEG-ScBUE _dEG-ScBUE |
||
| 043 | _ae------ | ||
| 082 | 0 | 4 |
_a341.7094 _bSMI _222 |
| 100 | 1 |
_aSmith, Hazel, _d1954- _938657 |
|
| 245 | 1 | 0 |
_aEuropean Union foreign policy : _bwhat it is and what it does / _cHazel Smith. |
| 260 |
_aLondon : _bPluto Press, _cc.2002. |
||
| 300 |
_axiv, 299 p. ; _c23 cm. |
||
| 500 | _aIndex : p. 281-299. | ||
| 504 | _aBibliography : p. 276-280. | ||
| 610 | 2 | 0 | _aEuropean Union. |
| 650 | 0 |
_aInternational economic relations. _2BUEsh |
|
| 651 | 0 |
_aEuropean Union countries _xForeign economic relations. _2BUEsh |
|
| 651 | 0 |
_aEuropean Union countries _xForeign relations. _2BUEsh _932330 |
|
| 651 | 0 |
_aEurope _xForeign relations _y1989- _2BUEsh _911054 |
|
| 653 |
_bBUSBOL _cJune2015 _cNovember2015 |
||
| 942 | _2ddc | ||
| 999 |
_c19970 _d19942 |
||